00691cam a22001937a 4500003000500000005001700005008004100022010001000063011001000073035001000083040000900093100002700102245016000129260004300289300001000332502010200342650002600444650002700470CHAP20220329142458.0010604d2000 mx r 00110 spa d a84058 a85030 a95557 cCHAP00aLópez Juan, Emerson.10aProducción de forrajes en tres frecuencias de corte de la leguminosa canavalia (Canavalia ensiformis), en Hueheután, Chiapasc/por Emerson López Juan aHuehuetán, Chis. :bEl autor,c2000. a77 h. aTesis (Ing. Agr. Tropical) -- Universidad Autónoma de Chiapas. Facultad de Ciencias Agrícolas14aCanavalia ensiformes.14aForrajesxRendimiento.